| 000 | 00737nam a22001577a 4500 | ||
|---|---|---|---|
| 003 | OSt | ||
| 005 | 20150914100822.0 | ||
| 008 | 150914b xxu||||| |||| 00| 0 eng d | ||
| 040 | _cRUA | ||
| 082 | _aAGR PEN 1998 B021 Or.1 | ||
| 100 |
_9434 _aPEN, RITHEA. |
||
| 245 | _aThe damage of sitophilus zeamais and the measures to control on red corn of C.P cambodia Co. LTD ការបំផ្លាញនៃខ្មូតSITOPHILUS ZEAMAIS និងវិធានការកំចាត់លើពោតក្រហមរបស់ក្រុមហ៊ុនផលិតចំណីសត្វស៊ីភី កម្ពុជា | ||
| 260 |
_aPhnom Penh _bRUA _c1998 |
||
| 300 |
_a59p. _bill. _c29cm. |
||
| 942 |
_2ddc _cAGR |
||
| 999 |
_c413 _d413 |
||